| 000 | 00565nam a2200205Ia 4500 | ||
|---|---|---|---|
| 001 | 8676 | ||
| 008 | 220121s2002 ii a g b000 u 465 u | ||
| 020 | _a81-7625-317-0 | ||
| 082 | _a370.1 | ||
| 100 |
_aSahu, Bhagirathi ., _eAuthor. |
||
| 245 | 0 |
_aThe New Educational Philosophy / _cBhagirathi Sahu. _hTextual Documents |
|
| 250 | _a1st ed. / | ||
| 260 |
_aNew Delhi : _bSarup & Sons , _c2002. |
||
| 300 |
_aix,406p. : _bill ; _c21cm . |
||
| 504 | _aBib | ||
| 653 | _aEducational Philosophy | ||
| 653 | _aPG-Education | ||
| 653 | _aG-Education | ||
| 942 |
_2ddc _cBK |
||
| 999 |
_c8663 _d8663 |
||